| 000 | 00207nam a22000617a 4500 | ||
|---|---|---|---|
| 999 |
_c23936 _d23936 |
||
| 003 | Nust | ||
| 005 | 20170410172429.0 | ||
| 008 | 140425b xxu||||| |||| 00| 0 eng d | ||
| 020 | _a8178085321 | ||
| 040 |
_aDLC _bDLC _cRCMS |
||
| 082 | _a007.721 HAL | ||
| 100 | _aHalsall,Fred | ||
| 245 |
_aMultimedia Communications _bApplications, Networks,Protocols & Standards |
||
| 260 |
_aIndia _bPearson Education _cc 2001 |
||
| 300 |
_axvi,1056,p: _bill: _c26,cm. |
||
| 538 | _iShelf # 15, Row # 2, Communication. | ||
| 650 | _aElectrical & Electronic Engineering | ||
| 856 | _3Table of Content Only | ||
| 942 |
_2ddc _cBK |
||